| 000 | 00427cam a2200169ua 4500 | ||
|---|---|---|---|
| 020 | _a0340 365714 | ||
| 041 |
_aeng _h |
||
| 082 |
_a670 _bHAS/TE |
||
| 100 | _aHaslehurnt, M . | ||
| 245 |
_aTechniciary manufacturing technology 4 / _cM.Haslehurnt. _hTextual Documents |
||
| 250 |
_a1 / _b. |
||
| 260 |
_a : _bEnglish Language Book Society , _c1982. |
||
| 300 | _a244 ; . | ||
| 504 | _a | ||
| 942 | _cBK | ||
| 999 |
_c1597 _d1597 |
||